[Event "FIDE World Bl Team Pool B"]
[Site "London ENG"]
[Date "2025.06.14"]
[Round "3.2"]
[White "Jumabayev, Rinat"]
[Black "Steinberg, Nitzan"]
[Result "1/2-1/2"]
[WhiteTitle "GM"]
[BlackTitle "GM"]
[WhiteElo "2546"]
[BlackElo "2554"]
[WhiteTeam "Theme International Trading"]
[BlackTeam "Rishon LeZion Chess Club"]
[WhiteFideId "13702661"]
[BlackFideId "2801795"]
[EventDate "2025.06.14"]
[EventType "team"]

1. Nf3 d5 2. g3 g6 3. Bg2 Bg7 4. O-O e5 5. d3 Ne7 6. Nc3 O-O 7. e4 c6 8. Re1 d4
9. Nb1 c5 10. a4 Nec6 11. Na3 h6 12. Nd2 Be6 13. Nac4 Nb4 14. f4 N8c6 15. Rf1
Qd7 16. b3 exf4 17. gxf4 f5 18. e5 Nd5 19. Nf3 Nc3 20. Qd2 Nb4 21. Qf2 Bh8 22.
h4 Rae8 23. Kh1 b6 24. Bd2 Ncd5 25. Rac1 Re7 26. Rg1 Rg7 27. Kh2 Qd8 28. Bh1 Na2
29. Rce1 Nab4 30. Bc1 Kh7 31. Rg3 Na2 32. Bd2 Nab4 33. Rc1 Na2 34. Rcg1 Nab4 35.
Bc1 Na2 36. Bd2 Nab4 37. Na3 Rfg8 38. Rh3 Re8 39. Ne1 Kg8 40. Nc4 Ree7 41. Nd6
Rd7 42. Nc4 a6 43. Bf3 b5 44. axb5 axb5 45. Nd6 Rxd6 46. exd6 Qxd6 47. Qg3 Kf8
48. Kh1 Rg8 49. Rh2 Bf6 50. Rh3 Kf7 51. Qh2 Ne3 52. h5 g5 53. fxg5 Qxh2+ 54.
Rxh2 hxg5 55. h6 g4 56. h7 Rh8 57. Bb7 Kg6 58. Ng2 Nxg2 59. Rh6+ Kg7 60. Kxg2
Rxh7 61. Rxh7+ Kxh7 62. Ra1 Kg7 63. Ra7 Kg6 64. Ra5 Nxc2 65. Rxb5 Ne3+ 66. Kf2
Bh4+ 67. Ke2 f4 68. Be4+ Kf6 69. Rxc5 g3 70. Bf3 Bg4 71. Bxe3 dxe3 72. Bxg4 g2
73. Rc1 Bf2 74. Bf3 g1=Q 75. Rxg1 Bxg1 76. d4 Bf2 77. b4 Ke6 78. b5 Kd6 79. b6
Bh4 80. Kd3 Bd8 81. b7 1/2-1/2

[Event "FIDE World Bl Team Pool B"]
[Site "London ENG"]
[Date "2025.06.14"]
[Round "3.3"]
[White "Sokolovsky, Yahli"]
[Black "Le, Tuan Minh"]
[Result "1-0"]
[WhiteTitle "GM"]
[BlackTitle "GM"]
[WhiteElo "2542"]
[BlackElo "2598"]
[WhiteTeam "Rishon LeZion Chess Club"]
[BlackTeam "Theme International Trading"]
[WhiteFideId "2820242"]
[BlackFideId "12401153"]
[EventDate "2025.06.14"]
[EventType "team"]

1. e4 e5 2. Nf3 Nc6 3. Bb5 a6 4. Ba4 Bc5 5. c3 Nge7 6. d4 exd4 7. cxd4 Bb4+ 8.
Nc3 d5 9. O-O O-O 10. exd5 Nxd5 11. Bg5 Nce7 12. Re1 Be6 13. Rc1 c6 14. Bb3 Re8
15. a3 Bd6 16. Nxd5 cxd5 17. Qd3 Qd7 18. Ne5 Bxe5 19. dxe5 Ng6 20. Rcd1 h6 21.
Bc1 Rac8 22. h3 Red8 23. Bd2 Bf5 24. Qd4 Qb5 25. Ba2 Nf8 26. a4 Qe8 27. Ba5 Rd7
28. Bxd5 Be6 29. Qe4 Bxd5 30. Rxd5 Rxd5 31. Qxd5 Qxa4 32. Bc3 Qc6 33. Qxc6 Rxc6
34. Rd1 Ne6 35. g3 h5 36. f4 g6 37. Kf2 b5 38. Kf3 Rc4 39. Rd6 b4 40. Bd2 a5 41.
g4 hxg4+ 42. hxg4 Kf8 43. Be3 Ke8 44. f5 gxf5 45. gxf5 Ng7 46. Bg5 Rc8 47. Ke4
Rc4+ 48. Kd5 Rc8 49. Ke4 Rc4+ 50. Kf3 Rc8 51. Kf4 Rc4+ 52. Kf3 Rc8 53. Ke4 Rc4+
54. Kd5 Rc8 55. e6 Nxf5 56. exf7+ Kf8 57. Ra6 Kg7 58. Rxa5 Kxf7 59. Ra7+ Kg6 60.
Bf4 Rd8+ 61. Ke5 Nd4 62. Ra6+ Kf7 63. Be3 Nc2 64. Ra7+ Kg6 65. Ra6+ Kf7 66. Bg5
Rd3 67. Kf5 Rd5+ 68. Kf4 Rb5 69. Rf6+ Ke8 70. Rd6 b3 71. Bf6 Nb4 72. Ke4 Kf7 73.
Bc3 Na2 74. Bd4 Nb4 75. Rf6+ Ke7 76. Rh6 Kd7 77. Bc3 Nd5 78. Be5 Ne7 79. Rd6+
Ke8 80. Bf6 Kf7 81. Bc3 Ke8 82. Kd3 Nd5 83. Bd4 Ne7 84. Kc4 Rb7 85. Bb6 Nf5 86.
Rf6 Ne7 87. Bc5 Rc7 88. Re6 Rxc5+ 89. Kxc5 Kd7 90. Rxe7+ Kxe7 91. Kc4 1-0

[Event "FIDE World Bl Team Pool B"]
[Site "London ENG"]
[Date "2025.06.14"]
[Round "3.4"]
[White "Tin, Jingyao"]
[Black "Bronstein, Or"]
[Result "0-1"]
[WhiteTitle "GM"]
[BlackTitle "IM"]
[WhiteElo "2583"]
[BlackElo "2443"]
[WhiteTeam "Theme International Trading"]
[BlackTeam "Rishon LeZion Chess Club"]
[WhiteFideId "5804418"]
[BlackFideId "2815770"]
[EventDate "2025.06.14"]
[EventType "team"]

1. d4 Nf6 2. c4 e6 3. Nc3 Bb4 4. e3 O-O 5. Bd3 d5 6. a3 Bxc3+ 7. bxc3 dxc4 8.
Bxc4 c5 9. Ne2 Nc6 10. O-O e5 11. Bb2 Be6 12. Bxe6 fxe6 13. Qb3 Qd5 14. Qc2 Rac8
15. dxc5 Qc4 16. Ng3 h5 17. Qe2 Na5 18. Qxc4 Nxc4 19. Bc1 h4 20. Ne2 Rfd8 21. a4
Rxc5 22. h3 b6 23. Re1 Ra5 24. f3 b5 25. Kf2 Rxa4 26. Rb1 a6 27. Ng1 Ra2+ 28.
Re2 Ra4 29. Rc2 e4 30. Ne2 e5 31. Rb4 Ra1 32. f4 Rd1 33. fxe5 Nd5 34. Rxc4 bxc4
35. g3 g5 36. gxh4 gxh4 37. e6 Kf8 38. Bd2 Ke7 39. Rb2 Rf1+ 40. Kg2 Rfb1 41. Rc2
a5 42. Nd4 Rg1+ 43. Kh2 Rh1+ 44. Kg2 Rag1+ 45. Kf2 Rb1 46. Kg2 a4 47. Ra2 Rhg1+
48. Kh2 Ra1 49. Rb2 Rh1+ 50. Kg2 Rhg1+ 51. Kh2 Rgb1 52. Rc2 a3 53. Nf5+ Kxe6 54.
Nxh4 Rb2 0-1

[Event "FIDE World Bl Team Pool B"]
[Site "London ENG"]
[Date "2025.06.14"]
[Round "3.5"]
[White "Efroimski, Marsel"]
[Black "Gong, Qianyun"]
[Result "0-1"]
[WhiteTitle "IM"]
[BlackTitle "WGM"]
[WhiteElo "2372"]
[BlackElo "2228"]
[WhiteTeam "Rishon LeZion Chess Club"]
[BlackTeam "Theme International Trading"]
[WhiteFideId "2810964"]
[BlackFideId "8602425"]
[EventDate "2025.06.14"]
[EventType "team"]

1. e4 e6 2. d4 d5 3. Nc3 Bb4 4. exd5 exd5 5. Bd3 Ne7 6. Nf3 Nbc6 7. O-O O-O 8.
Ng5 h6 9. Nh7 Re8 10. Bxh6 gxh6 11. Nf6+ Kg7 12. Nxe8+ Qxe8 13. Ne2 Bd6 14. c3
Bf5 15. Ng3 Bxg3 16. fxg3 Bxd3 17. Qxd3 Qd7 18. Rf3 Rf8 19. Raf1 Ng6 20. h4 Nd8
21. Rf6 Ne7 22. Qe3 Ng8 23. R6f5 Re8 24. Qf3 c6 25. g4 Re6 26. g5 hxg5 27. Rxg5+
Rg6 28. Qg3 Kh7 29. h5 Rxg5 30. Qxg5 Nh6 31. Rf6 Ng8 32. Rf3 Qe7 33. Qf5+ Kh8
34. Rg3 Nh6 35. Qf4 Kh7 36. Re3 Ne6 37. Qe5 Qh4 38. Rf3 Qg5 39. Qb8 Qc1+ 40. Rf1
Qe3+ 41. Kh1 Qg5 42. Qh2 Kg7 43. Qh3 f5 44. Qh2 Ng4 45. Qh3 Nf4 46. h6+ Kh7 47.
Qg3 Qh5+ 48. Qh3 Nxh3 0-1

[Event "FIDE World Bl Team Pool B"]
[Site "London ENG"]
[Date "2025.06.14"]
[Round "3.6"]
[White "Zhang, Changjie"]
[Black "Lapushnian, Eran"]
[Result "1-0"]
[WhiteElo "1808"]
[BlackElo "1993"]
[WhiteTeam "Theme International Trading"]
[BlackTeam "Rishon LeZion Chess Club"]
[WhiteFideId "5801877"]
[BlackFideId "2811952"]
[EventDate "2025.06.14"]
[EventType "team"]

1. e4 c5 2. Nc3 g6 3. f4 Bg7 4. Nf3 a6 5. d3 Nc6 6. g3 e6 7. Bg2 Nge7 8. O-O O-O
9. Kh1 Rb8 10. a4 b5 11. axb5 axb5 12. e5 d6 13. Qe1 Nd4 14. Nxd4 cxd4 15. Ne4
dxe5 16. fxe5 Bxe5 17. Bh6 Bg7 18. Nf6+ Kh8 19. Bxg7+ Kxg7 20. Qe5 Bb7 21. Ng4+
f6 22. Nxf6 Bxg2+ 23. Kxg2 Nf5 24. Ra7+ Rf7 25. Ng4+ Kf8 26. Qh8# 1-0

[Event "FIDE World Bl Team Pool B"]
[Site "London ENG"]
[Date "2025.06.14"]
[Round "4.1"]
[White "Anand, Viswanathan"]
[Black "Turner, Matthew J"]
[Result "1-0"]
[WhiteTitle "GM"]
[BlackTitle "GM"]
[WhiteElo "2743"]
[BlackElo "2441"]
[WhiteTeam "Freedom"]
[BlackTeam "Sassy Seniors"]
[WhiteFideId "5000017"]
[BlackFideId "402893"]
[EventDate "2025.06.14"]
[EventType "team"]

1. e4 e5 2. Nf3 Nc6 3. Bc4 Bc5 4. O-O Nf6 5. d3 d6 6. Nc3 Bg4 7. h3 Bxf3 8. Qxf3
Nd4 9. Qd1 c6 10. a3 h6 11. Ba2 g5 12. Na4 Bb6 13. c3 Ne6 14. Nxb6 Qxb6 15. b4
Ke7 16. Be3 Qc7 17. Qc2 Rag8 18. f3 h5 19. Bxe6 fxe6 20. Qf2 a6 21. h4 gxh4 22.
Qxh4 Rg6 23. Bg5 Qb6+ 24. Kh1 Kf7 25. f4 Rhg8 26. Bxf6 Rxf6 27. fxe5 1-0

[Event "FIDE World Bl Team Pool B"]
[Site "London ENG"]
[Date "2025.06.14"]
[Round "4.2"]
[White "Dishman, Stephen"]
[Black "Le, Quang Liem"]
[Result "0-1"]
[WhiteTitle "FM"]
[BlackTitle "GM"]
[WhiteElo "2274"]
[BlackElo "2729"]
[WhiteTeam "Sassy Seniors"]
[BlackTeam "Freedom"]
[WhiteFideId "403024"]
[BlackFideId "12401137"]
[EventDate "2025.06.14"]
[EventType "team"]

1. d4 Nf6 2. Bg5 d5 3. Nd2 c5 4. Bxf6 gxf6 5. dxc5 e6 6. e4 Bxc5 7. Nb3 Qb6 8.
Nxc5 Qxc5 9. exd5 Qb4+ 10. Qd2 Qxb2 11. Rd1 O-O 12. Bd3 Qe5+ 13. Ne2 Qg5 14. f4
Qxd5 15. O-O Qc5+ 16. Kh1 Nc6 17. f5 Ne5 18. Rf4 exf5 19. Rh4 Ng4 20. h3 Qf2 21.
Rxg4+ fxg4 22. Qh6 Bf5 23. Qxf6 Rad8 24. hxg4 Rxd3 25. cxd3 Qxe2 26. Qxf5 Qxd1+
27. Kh2 0-1

[Event "FIDE World Bl Team Pool B"]
[Site "London ENG"]
[Date "2025.06.14"]
[Round "4.3"]
[White "Martirosyan, Haik M."]
[Black "Vujatovic, Rajko"]
[Result "1-0"]
[WhiteTitle "GM"]
[WhiteElo "2635"]
[BlackElo "2222"]
[WhiteTeam "Freedom"]
[BlackTeam "Sassy Seniors"]
[WhiteFideId "13306553"]
[BlackFideId "403393"]
[EventDate "2025.06.14"]
[EventType "team"]

1. d4 f5 2. Bg5 d5 3. e3 Nf6 4. Bxf6 exf6 5. c4 Be6 6. cxd5 Bxd5 7. Nc3 Bb4 8.
Ne2 O-O 9. a3 Be7 10. Nxd5 Qxd5 11. Nf4 Qa5+ 12. b4 Qb6 13. Bc4+ Kh8 14. Ng6+
hxg6 15. Qf3 Qc6 16. Qh3# 1-0

[Event "FIDE World Bl Team Pool B"]
[Site "London ENG"]
[Date "2025.06.14"]
[Round "4.4"]
[White "Lishoy Gengis Paratazham, Dildarav"]
[Black "Mamedov, Rauf"]
[Result "0-1"]
[BlackTitle "GM"]
[WhiteElo "2084"]
[BlackElo "2657"]
[WhiteTeam "Sassy Seniors"]
[BlackTeam "Freedom"]
[WhiteFideId "491462"]
[BlackFideId "13401653"]
[EventDate "2025.06.14"]
[EventType "team"]

1. e4 c5 2. d3 g6 3. g3 Bg7 4. Bg2 Nc6 5. f4 d6 6. Nf3 Nf6 7. O-O c4 8. Kh1 cxd3
9. cxd3 Bg4 10. Nc3 h5 11. h3 h4 12. hxg4 hxg3+ 13. Kg1 Nxg4 14. d4 Nh2 15. Re1
Nxf3+ 16. Qxf3 Nxd4 17. Qd1 Qb6 18. Be3 Qxb2 19. Bxd4 Rc8 20. Rb1 Bxd4+ 21. Qxd4
Qxc3 22. Qxc3 Rxc3 23. Rxb7 Kf8 24. Rxa7 Rh2 25. Bf1 Rcc2 26. a4 g2 27. Bxg2
Rhxg2+ 28. Kh1 Rh2+ 29. Kg1 Rcg2+ 30. Kf1 Ra2 31. Kg1 Rhg2+ 32. Kh1 Rg4 33. a5
Rxf4 34. a6 Rf3 35. Rc1 g5 36. Ra8+ Kg7 37. a7 g4 38. Kg1 Rg3+ 39. Kh1 Rb3 40.
Kg1 Rb7 41. Rac8 Rbxa7 42. R8c3 R7a4 43. Re1 R2a3 44. Rc2 Rg3+ 45. Kh1 Ra8 46.
Rg2 Rxg2 47. Kxg2 Ra3 48. Kf2 Kf6 49. Kg2 Ke5 50. Rf1 f6 51. Re1 Ra4 52. Kg3
Rxe4 53. Rb1 d5 54. Rb3 e6 55. Rc3 f5 56. Rb3 Kf6 57. Rb2 Kg5 58. Rc2 f4+ 59.
Kg2 Re2+ 60. Rxe2 f3+ 61. Kf2 fxe2 62. Kxe2 Kf4 63. Kd3 g3 64. Kd4 g2 65. Kc5
g1=Q+ 66. Kd6 Kf5 67. Kc6 d4 68. Kd6 d3 69. Kc6 d2 70. Kc7 d1=Q 71. Kb7 e5 72.
Kc7 e4 73. Kb7 e3 74. Kc7 e2 75. Kb7 e1=Q 76. Ka6 Qee2+ 77. Kb7 Qgg2+ 78. Kb6
Qd4+ 79. Kc7 Qee5+ 80. Kc8 Qa8# 0-1

[Event "FIDE World Bl Team Pool B"]
[Site "London ENG"]
[Date "2025.06.14"]
[Round "4.5"]
[White "Muzychuk, Anna"]
[Black "Dishman, Matthew"]
[Result "1-0"]
[WhiteTitle "GM"]
[WhiteElo "2535"]
[BlackElo "1978"]
[WhiteTeam "Freedom"]
[BlackTeam "Sassy Seniors"]
[WhiteFideId "14111330"]
[BlackFideId "438642"]
[EventDate "2025.06.14"]
[EventType "team"]

1. e4 e5 2. Nf3 Nc6 3. Bc4 Bc5 4. d3 Nf6 5. Nc3 h6 6. Be3 Bxe3 7. fxe3 d6 8. a3
O-O 9. Qe2 a6 10. h3 b5 11. Ba2 Ne7 12. g4 Nh7 13. Nh4 Be6 14. Nf5 Bxa2 15. Nxa2
Nxf5 16. gxf5 Qh4+ 17. Kd2 c6 18. Rag1 d5 19. Rg4 Qf6 20. Nc3 d4 21. Nd1 c5 22.
Rhg1 Rac8 23. Nf2 c4 24. Rxg7+ Kh8 25. Qh5 c3+ 26. bxc3 dxc3+ 27. Ke2 Rg8 28.
Rxg8+ Rxg8 29. Rxg8+ Kxg8 30. Ng4 Qg7 31. Nxh6+ Kf8 32. Ng4 Ng5 33. f6 Qg6 34.
Qxg6 fxg6 35. Nxe5 Nxh3 36. Nxg6+ Kf7 37. Nf4 Ng5 38. Nd5 Ne6 39. e5 Nc5 40.
Nxc3 Ke6 41. d4 1-0

[Event "FIDE World Bl Team Pool B"]
[Site "London ENG"]
[Date "2025.06.14"]
[Round "4.6"]
[White "Regan, Natasha K"]
[Black "Mani, Sarbartho"]
[Result "0-1"]
[WhiteTitle "WIM"]
[WhiteElo "2064"]
[BlackElo "1847"]
[WhiteTeam "Sassy Seniors"]
[BlackTeam "Freedom"]
[WhiteFideId "403067"]
[BlackFideId "366112022"]
[EventDate "2025.06.14"]
[EventType "team"]

1. f4 d5 2. Nf3 Nf6 3. g3 e6 4. Bg2 c5 5. d3 Be7 6. Nc3 d4 7. Ne4 Nxe4 8. dxe4
O-O 9. O-O Nc6 10. h3 b6 11. e3 Ba6 12. Re1 d3 13. Bd2 dxc2 14. Qxc2 Bd3 15. Qc1
Bxe4 16. Bc3 Bf6 17. Rd1 Qe7 18. Ne5 Bxg2 19. Kxg2 Nxe5 20. fxe5 Qb7+ 21. Kh2
Be7 22. Qc2 Rad8 23. Rf1 b5 24. b3 Rd7 25. Rf4 b4 26. Be1 Qd5 27. Re4 Rfd8 28.
h4 Qd3 29. Qg2 f5 30. exf6 Bxf6 31. Rc1 Qd5 32. h5 Qxh5+ 33. Kg1 Rd1 34. Rxd1
Qxd1 35. Kf1 Bc3 36. Qe2 Rf8+ 0-1

[Event "FIDE World Bl Team Pool B"]
[Site "London ENG"]
[Date "2025.06.14"]
[Round "4.1"]
[White "Ghasi, Ameet K"]
[Black "Adams, Michael"]
[Result "0-1"]
[WhiteTitle "GM"]
[BlackTitle "GM"]
[WhiteElo "2513"]
[BlackElo "2659"]
[WhiteTeam "Sharks 4NCL"]
[BlackTeam "Malcolm's Mates"]
[WhiteFideId "409200"]
[BlackFideId "400041"]
[EventDate "2025.06.14"]
[EventType "team"]

1. Nf3 d5 2. g3 Nd7 3. d4 Nb6 4. Bg2 Bf5 5. Nc3 e6 6. O-O Be7 7. h3 h6 8. Nd2
Nf6 9. e4 dxe4 10. Ndxe4 c6 11. Nc5 Qc8 12. Qe2 O-O 13. b3 Re8 14. Nd3 Nbd5 15.
Bb2 a5 16. Na4 Qc7 17. Rac1 Nb4 18. a3 Nxd3 19. cxd3 Rad8 20. Rfd1 Qb8 21. Qe5
Nd5 22. Qxb8 Rxb8 23. Nc5 Red8 24. Kh2 h5 25. Be4 h4 26. g4 Bh7 27. Re1 Bd6+ 28.
Kh1 Nf4 29. Re3 Bxc5 30. Rxc5 Ra8 31. Bxh7+ Kxh7 32. Rf3 Nd5 33. Bc1 f6 34. Rc2
Rd6 35. Bb2 Rad8 36. Re2 Kg6 37. Kg1 Kf7 38. Re1 g5 39. Kh2 R8d7 40. Re4 Kg6 41.
Re1 Nf4 42. Re4 f5 43. gxf5+ exf5 44. Rexf4 gxf4 45. Rxf4 Re6 46. Bc1 Re2 47.
Be3 Rb2 48. b4 axb4 49. axb4 Rxb4 50. Rxh4 Rb3 51. Rh6+ Kg7 52. Rh5 Rf7 53. Kg3
Rxd3 54. Kf4 b5 55. Rg5+ Kf8 56. Rg6 b4 57. Rxc6 Rb7 58. Kxf5 Ke7 59. Ke4 Rd1
60. Rh6 Rb5 61. Bf4 b3 62. Rh7+ Ke8 63. Rh8+ Kf7 64. d5 b2 65. Rh7+ Kg8 0-1

[Event "FIDE World Bl Team Pool B"]
[Site "London ENG"]
[Date "2025.06.14"]
[Round "4.2"]
[White "Vitiugov, Nikita"]
[Black "Rendle, Thomas E"]
[Result "1-0"]
[WhiteTitle "GM"]
[BlackTitle "IM"]
[WhiteElo "2671"]
[BlackElo "2370"]
[WhiteTeam "Malcolm's Mates"]
[BlackTeam "Sharks 4NCL"]
[WhiteFideId "4152956"]
[BlackFideId "408760"]
[EventDate "2025.06.14"]
[EventType "team"]

1. e4 e5 2. Nf3 Nc6 3. Bb5 a6 4. Ba4 Nf6 5. d3 d6 6. c3 g6 7. O-O Bg7 8. Re1 O-O
9. Nbd2 h6 10. Nf1 Nh7 11. Ng3 Bd7 12. h3 Kh8 13. d4 Qe8 14. Bb3 f5 15. exf5
gxf5 16. dxe5 dxe5 17. Nh4 Rd8 18. Qh5 Qxh5 19. Nxh5 Be8 20. Nxg7 Kxg7 21. Be3
b6 22. f4 e4 23. Rad1 Bd7 24. Rd2 Bc8 25. Red1 Rxd2 26. Rxd2 Rd8 27. Rxd8 Nxd8
28. Bd4+ Kf8 29. Be5 c5 30. Bc7 Ne6 31. Bd6+ Ke8 32. Nxf5 Nf6 33. Be5 Ng8 34.
Nd6+ Kd7 35. Nxc8 1-0

[Event "FIDE World Bl Team Pool B"]
[Site "London ENG"]
[Date "2025.06.14"]
[Round "4.3"]
[White "Roberson, Peter T"]
[Black "Saric, Ivan"]
[Result "0-1"]
[WhiteTitle "IM"]
[BlackTitle "GM"]
[WhiteElo "2433"]
[BlackElo "2661"]
[WhiteTeam "Sharks 4NCL"]
[BlackTeam "Malcolm's Mates"]
[WhiteFideId "412384"]
[BlackFideId "14508150"]
[EventDate "2025.06.14"]
[EventType "team"]

1. e4 c5 2. Be2 Nc6 3. f4 e6 4. Nf3 d5 5. d3 Bd6 6. O-O Nge7 7. e5 Bc7 8. c3 d4
9. Nbd2 O-O 10. Ne4 b6 11. Bd2 Bb7 12. Qe1 dxc3 13. bxc3 c4 14. d4 Nxd4 15. Nf6+
gxf6 16. cxd4 Ng6 17. Kh1 b5 18. exf6 Qxf6 19. Ne5 Rad8 20. Bc3 Bxe5 21. fxe5
Qh4 22. a4 a6 23. axb5 axb5 24. Ra7 Qxe1 25. Rxe1 Bd5 26. Bb4 Ra8 27. Rea1 Rxa7
28. Rxa7 Rc8 29. Bc3 Nf4 30. Bf1 Nd3 31. Kg1 b4 32. Bxd3 cxd3 33. Bxb4 Rc2 34.
Ra1 Rxg2+ 35. Kf1 Rxh2 36. Re1 d2 37. Rd1 Rh1+ 38. Ke2 Bf3+ 39. Kxf3 Rxd1 0-1

[Event "FIDE World Bl Team Pool B"]
[Site "London ENG"]
[Date "2025.06.14"]
[Round "4.4"]
[White "McShane, Luke J"]
[Black "Purton, Ben J"]
[Result "1-0"]
[WhiteTitle "GM"]
[BlackTitle "FM"]
[WhiteElo "2615"]
[BlackElo "2173"]
[WhiteTeam "Malcolm's Mates"]
[BlackTeam "Sharks 4NCL"]
[WhiteFideId "404853"]
[BlackFideId "411132"]
[EventDate "2025.06.14"]
[EventType "team"]

1. e4 d6 2. d4 Nf6 3. Nc3 c6 4. Nf3 Bg4 5. Be2 e6 6. O-O d5 7. Bg5 Be7 8. e5
Nfd7 9. Bxe7 Qxe7 10. Ne1 Bxe2 11. Nxe2 c5 12. c3 Nc6 13. Nd3 O-O 14. Qd2 Rac8
15. Rac1 b6 16. b3 f6 17. f4 a5 18. Qe3 cxd4 19. cxd4 f5 20. Nc3 Nb4 21. a4 Nb8
22. Nb5 N8c6 23. Nd6 Rc7 24. Ne1 h6 25. Nf3 Kh7 26. Qd2 g6 27. Rc3 Rg8 28. h4
Rb8 29. Rfc1 Rg8 30. Qe2 Rd7 1-0

[Event "FIDE World Bl Team Pool B"]
[Site "London ENG"]
[Date "2025.06.14"]
[Round "4.5"]
[White "Hryshchenko, Kamila"]
[Black "Bulmaga, Irina"]
[Result "0-1"]
[WhiteTitle "WFM"]
[BlackTitle "IM"]
[WhiteElo "2097"]
[BlackElo "2393"]
[WhiteTeam "Sharks 4NCL"]
[BlackTeam "Malcolm's Mates"]
[WhiteFideId "14147491"]
[BlackFideId "13903063"]
[EventDate "2025.06.14"]
[EventType "team"]

1. e4 e5 2. Nf3 Nc6 3. Bb5 Nf6 4. d3 Bc5 5. O-O Nd4 6. Nxd4 Bxd4 7. h3 c6 8. Ba4
O-O 9. c3 Bb6 10. Nd2 d5 11. Qe2 Re8 12. Nf3 h6 13. Bc2 a5 14. Nh2 Be6 15. a4
Qd7 16. Be3 Bxe3 17. Qxe3 Qc7 18. f4 exf4 19. Rxf4 Nd7 20. d4 dxe4 21. Qxe4 Nf8
22. Qf3 Bd5 23. Qf2 Qe7 24. b3 Qe2 25. c4 Qxf2+ 26. Rxf2 Be4 27. Ng4 Rad8 28.
Rd1 Bxc2 29. Rxc2 h5 30. Nf2 Re3 31. d5 Rxb3 32. Ne4 cxd5 33. cxd5 Rb4 34. Nc5
b6 35. Nb7 Rd7 36. Rc8 Rxb7 37. Re1 f6 38. Ree8 Rf7 39. d6 Rd4 40. Rc6 Kh7 41.
Rxb6 Nd7 42. Ra6 Ne5 43. Re7 Kg6 44. Rxa5 Rxd6 45. Rxf7 Kxf7 46. Rb5 Rd4 47. a5
Ra4 48. Kf2 h4 49. Ke3 g5 50. Rc5 Rxa5 0-1

[Event "FIDE World Bl Team Pool B"]
[Site "London ENG"]
[Date "2025.06.14"]
[Round "4.6"]
[White "Omarov, Murat"]
[Black "Morea, Georgiana-Steluta"]
[Result "1-0"]
[WhiteElo "1823"]
[BlackElo "1920"]
[WhiteTeam "Malcolm's Mates"]
[BlackTeam "Sharks 4NCL"]
[WhiteFideId "13731173"]
[BlackFideId "1204319"]
[EventDate "2025.06.14"]
[EventType "team"]

1. e4 c5 2. Nc3 e5 3. f4 d6 4. Nf3 exf4 5. d4 cxd4 6. Qxd4 Nc6 7. Bb5 Qf6 8. Nd5
Qxd4 9. Nxd4 Kd7 10. Bxf4 Ne7 11. O-O-O h6 12. h4 g6 13. Nf6+ Kc7 14. Ne8+ Kb6
15. Nxd6 Nxd4 16. Rxd4 Bg7 17. Rb4 Kc5 18. Rb3 a6 19. Be8 Be6 20. Nxb7+ Kd4 21.
Rb4+ 1-0

[Event "FIDE World Bl Team Pool B"]
[Site "London ENG"]
[Date "2025.06.14"]
[Round "4.1"]
[White "Harvey, Marcus R"]
[Black "Aronian, Levon"]
[Result "0-1"]
[WhiteTitle "IM"]
[BlackTitle "GM"]
[WhiteElo "2445"]
[BlackElo "2742"]
[WhiteTeam "Wood Green"]
[BlackTeam "Hexamind Chess Team"]
[WhiteFideId "400092"]
[BlackFideId "13300474"]
[EventDate "2025.06.14"]
[EventType "team"]

1. d4 Nf6 2. c4 e6 3. Nc3 Bb4 4. e3 O-O 5. Ne2 d5 6. a3 Be7 7. cxd5 exd5 8. Ng3
Re8 9. Bd3 a5 10. Qc2 Nbd7 11. Nf5 Bf8 12. Nb5 c6 13. Nbd6 Re6 14. Nxc8 Rxc8 15.
O-O g6 16. Ng3 c5 17. Qd1 c4 18. Bc2 b5 19. f3 h5 20. e4 h4 21. Ne2 dxe4 22. Nf4
Re8 23. fxe4 Nxe4 24. Nd5 Bg7 25. Kh1 Nb6 26. Qf3 Qxd5 0-1

[Event "FIDE World Bl Team Pool B"]
[Site "London ENG"]
[Date "2025.06.14"]
[Round "4.2"]
[White "Giri, Anish"]
[Black "Willow, Jonah B"]
[Result "1-0"]
[WhiteTitle "GM"]
[BlackTitle "IM"]
[WhiteElo "2748"]
[BlackElo "2470"]
[WhiteTeam "Hexamind Chess Team"]
[BlackTeam "Wood Green"]
[WhiteFideId "24116068"]
[BlackFideId "438804"]
[EventDate "2025.06.14"]
[EventType "team"]

1. e4 e6 2. d4 d5 3. e5 c5 4. c3 Nc6 5. Nf3 Bd7 6. Be2 f6 7. O-O fxe5 8. dxe5
Nh6 9. c4 d4 10. Bxh6 gxh6 11. Ne1 Qe7 12. Bh5+ Kd8 13. f4 Kc7 14. Nd2 Be8 15.
Bxe8 Qxe8 16. Nd3 Qg6 17. Qf3 Be7 18. Ne4 b6 19. b4 cxb4 20. c5 b5 21. Nd6 a6
22. f5 exf5 23. Nf4 Qg4 24. Qd5 Nd8 25. Qxa8 1-0

[Event "FIDE World Bl Team Pool B"]
[Site "London ENG"]
[Date "2025.06.14"]
[Round "4.3"]
[White "Czopor, Maciej"]
[Black "Vidit, Santosh Gujrathi"]
[Result "1/2-1/2"]
[WhiteTitle "IM"]
[BlackTitle "GM"]
[WhiteElo "2423"]
[BlackElo "2720"]
[WhiteTeam "Wood Green"]
[BlackTeam "Hexamind Chess Team"]
[WhiteFideId "21805431"]
[BlackFideId "5029465"]
[EventDate "2025.06.14"]
[EventType "team"]

1. e4 c5 2. Nf3 d6 3. d4 cxd4 4. Nxd4 Nf6 5. Nc3 a6 6. Be2 e5 7. Nb3 Be7 8. Be3
Be6 9. Nd5 Nbd7 10. Qd3 O-O 11. O-O Bxd5 12. exd5 Rc8 13. c4 h5 14. Rac1 e4 15.
Qd4 Re8 16. Nd2 Bf8 17. b4 a5 18. a3 g6 19. Nb3 axb4 20. axb4 Bg7 21. Qd2 Ne5
22. h3 Ra8 23. Ra1 Rxa1 24. Rxa1 Qc7 25. Rc1 Qd7 26. Nd4 Ra8 27. Nb5 Ra4 28. Rd1
Nd3 29. Bxd3 exd3 30. Qxd3 Rxb4 31. Bf4 Ne4 32. Qxe4 Qxb5 33. cxb5 Rxe4 34. Bxd6
Rd4 35. Rxd4 Bxd4 36. Bc7 Kf8 37. Kf1 Ke7 38. Ke2 Kd7 39. Bg3 Bc5 40. Kd3 f5 41.
f3 Bb6 42. Be5 Bc5 43. Kc4 Ba3 44. Bc3 Kd6 45. f4 Kd7 46. Be5 Be7 47. Kd4 Ba3
48. Kc4 Be7 49. Bd4 Bd6 50. Be5 Be7 51. Kd3 Bc5 52. Bd4 Bd6 53. Be5 Bc5 54. Ke2
Be7 55. Kf3 Bd8 56. g4 Be7 57. gxh5 gxh5 58. Ke3 Bc5+ 59. Kd3 Bb4 60. Kc4 Be7
61. Kd4 Ba3 62. Kc4 Be7 63. Kb3 Bc5 64. Kc4 1/2-1/2